[Event "Bhopal GM Open 2019"]
[Site "Bhopal"]
[Date "2019.12.22"]
[Round "2.2"]
[White "Bogdanovich, Stanislav"]
[Black "Vaibhav Kalpaka"]
[Result "1-0"]
[WhiteElo "2562"]
[BlackElo "1769"]
[Annotator "TA"]
[PlyCount "109"]
[EventDate "2019.12.21"]
[EventType "swiss"]
[EventCountry "IND"]
[SourceTitle "playchess.com"]
[Source "ChessBase"]
[SourceQuality "1"]

{[%evp 15,109,-15,-12,-38,-46,-73,-17,-42,-8,-6,-15,-10,-14,-19,-17,-50,-53,-48,-23,-31,25,10,15,-14,-22,-12,19,27,43,0,0,0,0,0,0,-17,11,15,33,33,36,37,53,53,52,45,59,47,53,37,55,37,61,43,60,60,64,48,77,18,144,150,151,144,151,151,147,147,139,132,147,116,432,432,432,417,416,425,416,407,1161,1120,2104,2122,6389,9782,29973,29970,29974,29975,29975,29976,29973,29973,29985,29986]} 1. f4 d5 2. Nf3 c5 3. g3 Nc6 4. Bg2 g6 5. O-O Bg7 6. d3 Nf6 7. c3 O-O 8. Na3 b6 9. Ne5 {A03: Bird's Opening with 1...d5} (9. Qe1 Bb7 10. e4 dxe4 11. dxe4 e5 12. f5 Ba6 13. Rf2 Ng4 14. Rd2 Qc7 15. h3 Nf6 16. g4 Rfe8 {1-0 (50) Reinderman,D (2584)-Moradiabadi,E (2567) Dieren 2015}) 9... Bb7 10. d4 $146 ({Predecessor:} 10. Nxc6 Bxc6 11. Qc2 Rc8 12. Bd2 Re8 13. Rad1 e5 14. fxe5 Rxe5 15. Bf4 Re8 16. e4 dxe4 17. dxe4 Qe7 18. e5 Ng4 19. Bxc6 Rxc6 20. Qa4 Rec8 21. Nb5 Ra8 22. Nd6 Rc7 23. Nc4 Qe6 {½-½ (23) Pereira da Cunha,G-Louro,E ICCF corr 1995}) 10... Ne4 (10... Rc8 $17) 11. Be3 {The position is equal.} cxd4 12. Nxc6 Bxc6 13. Bxd4 f6 14. Nc2 e6 15. Nb4 Bb7 16. Bxe4 dxe4 17. Qb3 Qe7 (17... Re8 $15) 18. a4 $11 f5 19. Be3 a5 20. Nc2 Ba6 21. Kf2 Rab8 22. Bd4 Rfc8 23. Bxg7 Kxg7 24. Nd4 Bc4 25. Qa3 (25. Qc2 {seems wilder.} Qc5 26. Qd2 Kg8 27. Qe3 Rb7 28. Rac1) 25... Qxa3 (25... Qc5 {is more complex.} 26. Kg1 Kf6 27. Rfb1 Rb7 28. e3 Bd5) 26. Rxa3 Kf6 27. b3 Bd5 28. c4 Ba8 29. Ra2 Rd8 30. Rd2 Rd7 31. Rfd1 Rbd8 32. Ke3 h6 33. h4 Bb7 34. Kf2 Ba8 35. e3 Bb7 36. Ke1 Ba8 37. Nb5 ({White should try} 37. h5 $16) 37... Rxd2 (37... Bc6 $1 $11 {remains equal.}) 38. Rxd2 $16 Rxd2 39. Kxd2 $11 {[%mdl 4096] Endgame KB-KN} Bc6 {[#]} 40. Nd6 $1 Bd7 {[#]} 41. c5 $1 {[%cal Rc5b6][%mdl 512]} bxc5 42. Nc4 Bc6 43. Kc3 g5 $2 {[%mdl 8192]} (43... Bd5 $16) 44. hxg5+ $18 hxg5 45. Nxa5 Bd5 46. Nc4 gxf4 47. gxf4 Kg6 (47... Ke7 $142 48. b4 cxb4+ 49. Kxb4 Kd8) 48. a5 {[%cal Ba4a5,Ba5a6,Ba6a7][%mdl 32]} Kh5 49. a6 Kg4 50. a7 Kf3 51. Kd2 {White mates.} Bb7 52. Ne5+ Kf2 53. Nd7 Bc6 54. Nxc5 Bd5 {[#]} 55. Nxe6 $1 {[%mdl 512] Accuracy: White = 64%, Black = 27%.} 1-0

[Event "Bhopal GM Open 2019"]
[Site "Bhopal"]
[Date "2019.12.22"]
[Round "2.3"]
[White "Singh Ojasva"]
[Black "Tukhaev, Adam"]
[Result "0-1"]
[WhiteElo "1762"]
[BlackElo "2552"]
[Annotator "TA"]
[PlyCount "92"]
[EventDate "2019.12.21"]
[EventType "swiss"]
[EventCountry "IND"]
[SourceTitle "playchess.com"]
[Source "ChessBase"]
[SourceQuality "1"]

{[%evp 17,92,58,56,45,58,48,49,37,76,54,43,38,41,38,43,43,35,9,21,21,27,-20,-16,-24,-24,-25,-27,-40,-37,-29,-22,-10,0,0,22,0,6,-30,0,-28,-7,-23,-30,-32,-7,-32,-37,-64,-64,-65,-77,-85,-57,-97,-85,-98,-114,-216,-216,-210,-205,-234,-222,-223,-218,-416,-410,-513,-505,-981,-972,-1393,-1325,-1245,-1216,-29987,-29985]} 1. e4 d6 2. d4 g6 3. Nf3 Bg7 4. Be2 Nf6 5. Nc3 O-O 6. O-O a6 7. a4 Nc6 8. d5 Ne5 9. Nxe5 dxe5 10. Bg5 {B08: Pirc Defence: Classical System} (10. a5 e6 11. Bg5 h6 12. Be3 exd5 13. exd5 Ne8 14. Ne4 Nd6 15. Nxd6 cxd6 16. c4 e4 17. Qd2 g5 {1-0 (29) Nisipeanu,L (2657)-Moussard,J (2566) Barcelona 2018}) 10... Ne8 11. Qd3 $146 ({Predecessor:} 11. Bg4 Nd6 12. Bxc8 Rxc8 13. Qd3 Qd7 14. Rfd1 h6 15. Be3 Rfd8 16. Ne2 c5 17. c4 a5 {1-0 (65) Zaragatski,I (2491)-Bitalzadeh,A (2400) Netherlands 2016}) 11... Nd6 12. Nd1 {White is slightly better.} c5 13. dxc6 bxc6 14. Be3 a5 15. Nc3 Be6 16. b3 Qc7 17. Bc5 Nb7 18. Ba3 $1 Bh6 19. Bc1 Rfd8 20. Qf3 Bxc1 21. Raxc1 Qb6 22. Rcd1 Qc5 23. Rfe1 Rd4 24. Rc1 Rad8 25. Qe3 Rd2 26. Qxc5 Nxc5 27. Red1 f5 28. f3 R2d4 29. Kf2 Kg7 30. Ke3 h5 31. g3 {[#]} h4 $1 {[%mdl 512]} 32. g4 (32. gxh4 Kf6) 32... fxg4 33. fxg4 Kh6 34. h3 Kg5 35. Bf3 Bc8 36. Be2 Ne6 37. Bf3 (37. Rh1 $17) 37... Nf4 38. Rh1 Ba6 39. Rcd1 R8d6 40. Rh2 c5 {[%cal Bc6c5,Bc5c4][%mdl 32]} 41. Rhh1 $2 (41. Rb1 {was the only defense.}) 41... c4 $19 42. Nd5 e6 43. Nc3 (43. Rxd4 $142 exd4+ 44. Kxd4 exd5 45. exd5 cxb3 46. cxb3) 43... cxb3 {[%mdl 64] [#] Overworked Piece} 44. cxb3 Rd3+ {[%mdl 64] Double Attack} 45. Kf2 Rc6 46. Nb5 Rc2+ {Accuracy: White = 21%, Black = 59%.} 0-1

[Event "Bhopal GM Open 2019"]
[Site "Bhopal"]
[Date "2019.12.22"]
[Round "2.4"]
[White "Rios, Cristhian Camilo"]
[Black "Daakshin Arun"]
[Result "1-0"]
[WhiteElo "2505"]
[BlackElo "1760"]
[Annotator "TA"]
[PlyCount "87"]
[EventDate "2019.12.21"]
[EventType "swiss"]
[EventCountry "IND"]
[SourceTitle "playchess.com"]
[Source "ChessBase"]
[SourceQuality "1"]

{[%evp 14,86,58,60,72,76,77,85,118,125,133,138,129,138,132,133,170,135,131,122,131,127,171,128,140,134,163,130,144,141,138,150,152,91,103,58,104,66,53,42,110,18,111,123,122,93,121,108,96,97,332,330,364,375,400,322,830,817,758,435,29980,29981,29987,29988,29993,29994,29995,29996,29996,29996,29996,29997,29998,29999,29999]} 1. d4 Nf6 2. c4 g6 3. Nc3 Bg7 4. e4 d6 5. f3 O-O 6. Bg5 c5 7. d5 Nbd7 8. Nh3 Ne5 {E81: King's Indian: Sämisch: 6th move deviations (including 6 Be3 c6)} (8... a6 9. Nf2 Rb8 10. a4 Qb6 11. Qc2 e5 12. g4 h6 13. Be3 Nh7 14. Qc1 g5 15. h4 f6 16. a5 Qc7 {1-0 (58) Najer,E (2677)-Biolek,R (2440) Czech Republic 2016}) 9. Nf2 h6 10. Be3 Qa5 {White is better.} 11. Be2 $146 ({Predecessor:} 11. Qd2 Kh7 12. Be2 Bd7 13. h3 Qb4 14. a3 Qb3 15. Bd1 Qb6 16. b3 {1-0 (28) Rogetzer,K (2213)-Forstner,J (2120) Frohnleiten 2000}) 11... a6 12. f4 Ned7 13. a4 Nh7 14. O-O Qb4 15. Qc2 {aiming for a5.} Qa5 16. Nd3 Re8 17. e5 Ndf8 18. Bf3 Qc7 19. Be4 Bf5 20. Rae1 Bxe4 21. Nxe4 f5 22. Nc3 b6 23. e6 (23. b3 $142) 23... Nf6 24. Kh1 h5 25. Nf2 Reb8 26. h3 h4 {[#]} ({Black should try} 26... Qb7 $14) 27. Nd3 (27. Nfd1 $1 $16) 27... Nh5 (27... b5 $1 $11) 28. Bf2 $16 Bf6 29. Rc1 Qd8 30. Qd1 $36 {[%mdl 2048] Keeping Black busy.} Qe8 31. Qe1 g5 $2 (31... Ng3+ $16 {is a better defense.} 32. Bxg3 hxg3) 32. fxg5 $18 Bxg5 33. Bxh4 Bxc1 34. Qxc1 Ng6 $2 (34... Ng7 35. Qg5 Ng6) 35. Qg5 Ng7 36. Nf4 Nxh4 (36... Kh7 $18 37. Nxg6 {[%mdl 64] Overworked Piece} Qxg6 38. Qxe7 Rg8) 37. Qxh4 {White mates.} b5 38. Rf3 b4 {[#]} 39. Rg3 $1 {[%mdl 512]} bxc3 40. Qh6 {[%csl Gg3][%cal Rh6g7]} Qf8 41. Ng6 {[%csl Gg6][%cal Rh6h8]} Nxe6 42. Nxf8+ Kf7 43. Qg6+ {[%mdl 64] Double Attack} Kxf8 44. Qg8# {Accuracy: White = 59%, Black = 28%.} 1-0

[Event "Bhopal GM Open 2019"]
[Site "Bhopal"]
[Date "2019.12.22"]
[Round "2.5"]
[White "Swapnil Priyadarshi"]
[Black "Venkatesh, M.R."]
[Result "0-1"]
[WhiteElo "1757"]
[BlackElo "2491"]
[Annotator "TA"]
[PlyCount "60"]
[EventDate "2019.12.21"]
[EventType "swiss"]
[EventCountry "IND"]
[SourceTitle "playchess.com"]
[Source "ChessBase"]
[SourceQuality "1"]

{[%evp 13,60,-14,6,-55,-41,-37,-23,-58,15,-77,-27,-93,-94,-99,-81,-72,-75,-68,-68,-72,-75,-72,-74,-72,-57,-79,-46,-55,-51,-75,-69,-100,-100,-99,-100,-88,-80,-85,-77,-79,-91,-110,-73,-158,-172,-332,-348,-350,-340]} 1. e4 e5 2. Nf3 Nc6 3. Bb5 Nge7 4. d4 exd4 5. Nxd4 g6 6. O-O Bg7 7. c3 O-O 8. Re1 {C60: Ruy Lopez: Unusual Black 3rd moves and 3...g6} (8. Be3 $11) (8. Bg5 h6 9. Bh4 Nxd4 10. cxd4 c6 11. Bc4 g5 12. Bg3 Qb6 13. Bd6 Qxb2 14. Bxe7 Qxa1 15. Bxf8 Kxf8 {1-0 (25) Rogic,D (2475)-Stevic,H (2571) Stari Mikanovci 2008}) 8... Nxd4 $15 9. cxd4 c6 10. Bf1 {Black has an edge.} Qb6 $146 ({Black should play} 10... d5 $15) ({Predecessor:} 10... d5 11. e5 Qb6 12. Nc3 Nf5 13. Be3 Qxb2 {1-0 (36) Van der Nat,N (2265)-Rubery,M (2250) Johannesburg 2007}) 11. e5 (11. Bg5 $11 Re8 12. Qd2) 11... d6 12. b3 (12. Nc3 $11) 12... Nf5 $17 13. Bb2 Be6 14. Na3 {[%cal Bb1a3,Ba3c4,Bc4e5,Be5d3,Bd3c5][%mdl 32]} Rad8 15. Bc4 dxe5 {[%cal Rf5d4]} 16. Bxe6 fxe6 17. Nc4 {[%mdl 64] Double Attack} Qa6 {[%cal Rf5d4]} 18. Nxe5 {[#]} c5 $1 {[%cal Rf5d4][%mdl 512]} 19. Qd3 (19. dxc5 Rxd1) 19... Qd6 {Hoping for ...Bxe5.} 20. Qc4 cxd4 21. Nd3 Rfe8 22. Nc5 Rc8 $36 {[%mdl 2048] White is under strong pressure.} 23. Rxe6 Rxe6 24. Qxe6+ Qxe6 25. Nxe6 Rc2 26. Nxg7 Kxg7 ({Reject} 26... Rxb2 27. Nxf5 gxf5 28. Kf1 $11) 27. Rb1 {With the idea g4.} Kf7 28. a4 ({Better is} 28. Kf1) 28... d3 {[#] aiming for ...d2.} 29. Be5 $2 (29. Kf1 {was the only defense.}) 29... d2 $19 {( -> ...Rc1+)} 30. Bf4 Nd4 {Accuracy: White = 31%, Black = 80%.} 0-1

[Event "Bhopal GM Open 2019"]
[Site "Bhopal"]
[Date "2019.12.22"]
[Round "2.6"]
[White "Nigmatov, Ortik"]
[Black "Krishnan Ritvik"]
[Result "1-0"]
[WhiteElo "2474"]
[BlackElo "1742"]
[Annotator "TA"]
[PlyCount "47"]
[EventDate "2019.12.21"]
[EventType "swiss"]
[EventCountry "IND"]
[SourceTitle "playchess.com"]
[Source "ChessBase"]
[SourceQuality "1"]

{[%evp 12,57,10,-11,4,-33,-43,-48,-32,-37,-27,-28,-31,-26,34,41,72,70,82,75,99,100,103,91,102,93,128,132,131,135,126,107,587,570,579,583,585,550,552,563,805,797,674,584,2133,1834,5297,1205]} 1. Nf3 c5 2. g3 g6 3. Bg2 Bg7 4. O-O Nc6 5. d3 d6 6. e4 e5 7. Nh4 Nge7 {A04: Unusual lines after 1 Nf3 and King's Indian Attack} 8. f4 exf4 9. gxf4 d5 {Black is slightly better.} 10. Qe1 $146 ({Predecessor:} 10. c3 dxe4 11. dxe4 Qxd1 12. Rxd1 Bg4 13. Re1 O-O 14. Be3 b6 15. Nd2 Rad8 16. Nhf3 h6 17. Nc4 Be6 18. Bf1 b5 19. Nce5 Nxe5 {½-½ (19) Shachar,E (2374)-Golod,V (2523) Tel Aviv 2002}) 10... dxe4 11. dxe4 O-O 12. c3 Qc7 (12... b6 $11) 13. Na3 $14 a6 14. Be3 b6 15. f5 $1 {[%cal Rf5f6] f6 is the strong threat.} f6 16. fxg6 hxg6 {[#]} 17. Bf4 $1 $36 {[%cal Rf4c7][%mdl 2048] White is really pushing.} Qa7 18. Bd6 {Threatens to win with e5!} Ne5 19. Bxe5 fxe5 20. Rxf8+ Bxf8 21. Qg3 Kh7 $2 {[%mdl 8192]} (21... Bh6 $16 {is a better chance.}) 22. Nc4 $18 {[%cal Ba3c4,Bc4e5,Be5c6][%mdl 32] White is clearly winning.} Be6 23. Nxe5 Bh6 {[#]} 24. Rf1 {Played: Ne5-c6} 1-0

[Event "Bhopal GM Open 2019"]
[Site "Bhopal"]
[Date "2019.12.22"]
[Round "2.7"]
[White "Sree Veeramani P"]
[Black "Taher, Yoseph Theolifus"]
[Result "0-1"]
[WhiteElo "1748"]
[BlackElo "2469"]
[Annotator "TA"]
[PlyCount "70"]
[EventDate "2019.12.21"]
[EventType "swiss"]
[EventCountry "IND"]
[SourceTitle "playchess.com"]
[Source "ChessBase"]
[SourceQuality "1"]

{[%evp 25,70,24,17,0,0,0,35,0,14,0,34,50,24,10,13,10,61,41,189,113,131,132,123,37,33,-232,-232,-228,-249,-244,-35,-68,-64,-97,-96,-756,-694,-1079,-1079,-1079,-1003,-970,-630,-637,-627,-629,-623]} 1. e4 e6 2. d4 d5 3. Nc3 Bb4 4. e5 c5 5. a3 Bxc3+ 6. bxc3 Ne7 7. Qg4 Qc7 8. Qxg7 Rg8 9. Qxh7 cxd4 10. Ne2 Nbc6 11. f4 Bd7 12. Qd3 dxc3 13. Nxc3 a6 14. h3 {C18: French: 3 Nc3 Bb4: Main line: 7 h4 and 7 Qg4} (14. Bd2 Rc8 15. Ne2 Na5 16. Nd4 Nc4 17. g3 Nf5 18. Nxf5 exf5 19. Bg2 Qb6 20. Qb3 Bb5 21. Rd1 Na5 22. Bxa5 Qxa5+ {1-0 (47) Sethuraman,S (2624)-Froewis,G (2438) Karlsruhe 2019}) 14... Rc8 15. Ne2 Na7 {White should prevent ...Bb5.} (15... Na5 $5 {[%cal Rd7b5]}) 16. Be3 {White is slightly better.} Bb5 17. Qd2 $146 ({Predecessor:} 17. Qb3 Nac6 18. g4 Na5 19. Qb4 Nc4 20. Bf2 Ng6 21. a4 Bc6 22. Rb1 a5 {½-½ (49) Khanin,S (2092)-Lugovskoy,M (2198) Voronezh 2011}) 17... Nac6 (17... Bxe2 $5 18. Bxe2 Nb5 $11) 18. g4 Ng6 19. h4 Ngxe5 20. fxe5 Qxe5 ({Black should try} 20... Nxe5 $11 21. Rh3 Rxg4) 21. Nd4 $14 Qe4 (21... Bxf1 $14 22. Rxf1 Nxd4 23. Qxd4 Qxd4 24. Bxd4 Rxg4 {[%mdl 64] Double Attack}) 22. O-O-O ({White should play} 22. Nxb5 $18 {Strongly threatening Nd6+.} axb5 23. Rh3) 22... Qxh1 $16 23. Bxb5 Qxh4 24. Nf5 (24. Nxc6 $16 axb5 25. Na7) 24... Qd8 25. Bc5 $2 {[%mdl 8192]} (25. Nh6 $14 Rf8 26. Bxc6+ Rxc6 27. g5) 25... axb5 $40 {[%mdl 128] Black wants a kill.} 26. Nd6+ Kd7 {And now ...b6 would win.} 27. Rf1 Rg7 $2 (27... Ne5 $19 28. Nxc8 Kxc8) 28. Nxf7 Qc7 {[#] Hoping for ...Na5.} 29. Qh6 Rcg8 {White must now prevent ...Nd8.} ({Not} 29... Rxg4 $2 30. Ng5 $18) 30. Ng5 $2 {[%mdl 8192]} (30. Qe3 $17) 30... Qe5 {...Qa1+ is the strong threat.Black is clearly winning.} 31. Nh7 {intending Nf6+.} Qa1+ 32. Kd2 Qxf1 33. Nf6+ Kc8 34. Nxg8 Qg2+ {[%mdl 64] [#] Double Attack} 35. Kc1 Qxg4 {Accuracy: White = 20%, Black = 37%.} 0-1

[Event "Bhopal GM Open 2019"]
[Site "Bhopal"]
[Date "2019.12.22"]
[Round "2.8"]
[White "Lugovskoy, Maxim"]
[Black "Satvik Sharma"]
[Result "1-0"]
[WhiteElo "2466"]
[BlackElo "1740"]
[Annotator "TA"]
[PlyCount "93"]
[EventDate "2019.12.21"]
[EventType "swiss"]
[EventCountry "IND"]
[SourceTitle "playchess.com"]
[Source "ChessBase"]
[SourceQuality "1"]

{[%evp 24,93,40,36,50,7,24,16,26,17,20,0,0,0,0,0,0,0,7,15,32,31,79,87,145,145,145,145,145,144,191,191,191,191,191,191,191,183,246,243,272,215,243,240,365,255,337,337,282,279,635,607,533,516,1453,1352,1274,1226,1218,1204,1204,1197,1731,1695,29978,29979,29980,29981,29981,29982,29981,29980]} 1. e4 c5 2. Nf3 d6 3. Bb5+ Bd7 4. Bxd7+ Qxd7 5. c4 Nf6 6. Nc3 Nc6 7. d4 cxd4 8. Nxd4 g6 9. f3 Bg7 10. Be3 O-O 11. O-O Rac8 12. b3 Rfd8 13. Qd2 e6 {B52: Sicilian: Moscow Variation with 3...Bd7} 14. Rfd1 (14. Rac1 d5 15. cxd5 exd5 16. Nxc6 Rxc6 17. Nxd5 Nxd5 18. exd5 Rd6 19. Rfd1 b6 20. Bf4 Rf6 21. Bg5 {1-0 (30) Drygalov,A (2481)-Jones,G (2682) St Petersburg 2018}) 14... d5 15. cxd5 exd5 {The position is equal.} 16. Nxc6 bxc6 17. Rac1 Qe7 {[%cal Rd5e4]} 18. exd5 Nxd5 19. Nxd5 Rxd5 20. Qf2 {[#] Rxd5 is the strong threat.} Rxd1+ $146 (20... Rcd8 {is more complex.} 21. Rxd5 Rxd5 22. g3 Qd7 23. Rc2 Bd4) ({Predecessor:} 20... Re5 21. Bc5 {½-½ (46) Zahn,A (2013)-Urban,K (1991) Hannover 2014}) 21. Rxd1 c5 22. Rc1 Rd8 23. Bxc5 Qxc5 (23... Qc7 $142 24. Qe1 h5) 24. Qxc5 $16 Bd4+ 25. Kf1 Bxc5 26. Rxc5 {[%mdl 4096] Endgame KR-KR} Rd2 27. Ra5 Rd7 28. Ke2 Kf8 29. Ke3 Ke7 30. Ke4 h6 (30... Rb7 $142 31. Ra6 Kd7) 31. g4 $18 Ke6 32. h4 f6 33. f4 Ke7 (33... Rc7 $142 34. f5+ gxf5+ 35. Rxf5 (35. gxf5+ Kf7 $18) 35... Rc6) 34. g5 hxg5 35. hxg5 fxg5 36. fxg5 Ke6 $2 (36... Rb7 37. Ra6 Kf7) 37. Ra6+ Kf7 38. b4 {[%cal Bb3b4,Bb4b5][%mdl 32]} Kg7 (38... Rb7 $142 39. a3 Kg7) 39. a4 Kf7 40. b5 Re7+ 41. Kd5 Rb7 42. Rf6+ Kg7 43. Rd6 Rf7 44. Kc6 {White mates.} Rf5 45. Rd7+ {[%mdl 64] [#] Double Attack} Kf8 46. Rxa7 Rxg5 47. b6 {Accuracy: White = 80%, Black = 27%.} 1-0

[Event "Bhopal GM Open 2019"]
[Site "Bhopal"]
[Date "2019.12.22"]
[Round "2.9"]
[White "Suthershun A"]
[Black "Mirzoev, Azer"]
[Result "0-1"]
[WhiteElo "1743"]
[BlackElo "2457"]
[Annotator "TA"]
[PlyCount "64"]
[EventDate "2019.12.21"]
[EventType "swiss"]
[EventCountry "IND"]
[SourceTitle "playchess.com"]
[Source "ChessBase"]
[SourceQuality "1"]

{[%evp 16,64,48,33,36,39,56,44,33,14,31,29,38,39,27,29,35,34,32,34,34,34,33,29,37,0,0,-3,16,0,12,0,0,-33,-39,-102,-83,-175,-178,-230,0,0,0,0,11,-1756,-1295,-1295,-1258,-29987,-29988]} 1. e4 Nf6 2. e5 Nd5 3. d4 d6 4. c4 Nb6 5. exd6 exd6 6. Nf3 Be7 7. h3 Bf5 8. Nc3 O-O 9. Be2 Re8 {B03: Alekhine's Defence: Four Pawns Attack} (9... Bf6 10. O-O h6 11. b3 Nc6 12. Be3 d5 13. c5 Nc8 14. Rc1 N8e7 15. Qd2 Be4 16. Nh2 Nf5 17. Nxe4 dxe4 {1-0 (63) Socko,B (2606)-Baburin,A (2519) Turin 2006}) 10. O-O N8d7 {[%cal Bb8d7,Bd7f8,Bf8e6,Be6c5,Bc5e4,Be4c3][%mdl 32]} 11. Bf4 Nf8 {White is slightly better.} 12. Rc1 Ne6 13. Be3 h6 $146 ({Predecessor:} 13... Ng5 14. Nd5 Nxd5 15. cxd5 Be4 16. Nxg5 Bxg5 17. Bf3 Bxe3 18. fxe3 {1-0 (34) Cooper,L (2338)-Cafferty,B (2195) Birmingham 2000}) 14. d5 Nc5 15. Nd4 Bh7 16. b4 Ne4 17. Bd3 Nxc3 18. Bxh7+ Kxh7 19. Rxc3 Bf6 20. Qh5 Kg8 21. Rd1 Re5 22. Qf3 a5 23. bxa5 Rxa5 24. Bf4 Re8 $36 {[%mdl 2048] Black is pushing.} 25. Nf5 (25. Rc2 $15) 25... Rxa2 $17 26. Nxh6+ (26. Rb3 $17 {was worth a try.}) 26... gxh6 $19 27. Bxh6 Kh7 $2 (27... Nd7 $19 28. Rb3 Ne5) 28. Qh5 $1 $11 {[#] Threatening mate with Rg3.} Re5 29. Qxf7+ Kxh6 30. Rd4 $2 {[%mdl 8192]} (30. Rg3 $11 Rg5 31. Rxg5 Bxg5 32. Re1) 30... Re1+ {[%mdl 64] Discovered Attack} 31. Kh2 Bxd4 32. Rg3 {[#]} Qf6 $1 {Accuracy: White = 39%, Black = 52%.} 0-1

[Event "Bhopal GM Open 2019"]
[Site "Bhopal"]
[Date "2019.12.22"]
[Round "2.10"]
[White "Nguyen, Van Huy"]
[Black "Adireddy Arjun"]
[Result "1-0"]
[WhiteElo "2457"]
[BlackElo "1731"]
[Annotator "TA"]
[PlyCount "87"]
[EventDate "2019.12.21"]
[EventType "swiss"]
[EventCountry "IND"]
[SourceTitle "playchess.com"]
[Source "ChessBase"]
[SourceQuality "1"]

{[%evp 12,86,44,42,50,56,51,58,52,48,56,59,81,96,103,81,72,47,61,58,83,80,77,78,103,108,91,101,139,135,147,129,196,191,191,170,313,297,482,489,599,600,699,693,776,435,629,610,1166,1159,29979,29980,29980,29981,6448,6203,29995,29995,29996,29992,29992,29992,29993,29994,29994,29994,29995,29995,29996,29995,29994,29994,29996,29997,29997,29998,29999]} 1. d4 d5 2. Nf3 Nf6 3. c4 c6 4. Nc3 e6 5. Bg5 Nbd7 6. e3 Bd6 7. Bd3 dxc4 {D52: Queen's Gambit Declined: Cambridge Springs Variation} (7... h6 8. Bh4 O-O 9. O-O Re8 10. Qc2 dxc4 11. Bxc4 e5 12. Qg6 Rf8 13. Ne4 Qe7 14. Bxf6 Nxf6 15. Nxd6 Be6 16. Nf5 {1-0 (18) Megaranto,S (2540)-Aulia,M (2351) Albena 2014}) 8. Bxc4 b5 9. Bd3 h6 {White is slightly better.} 10. Bh4 Bb7 11. O-O g5 $146 ({Predecessor:} 11... O-O 12. Rc1 a6 13. Qe2 c5 14. Ne4 Bxe4 15. Bxe4 {1-0 (55) Soylemez,C (1966)-Araboga,M (1778) Antalya 2013}) 12. Bg3 Bxg3 13. hxg3 a6 14. b4 a5 15. a3 axb4 16. axb4 Rxa1 17. Qxa1 Qb6 18. Nd2 O-O 19. Nb3 Ne8 20. Ne4 Ndf6 21. Nbc5 Nxe4 (21... Bc8 $16 {keeps fighting.} 22. Qb2 Nxe4) 22. Bxe4 $18 ({But not} 22. Nxe4 Bc8 $16) 22... Nd6 23. Bc2 Ra8 (23... Bc8 {was necessary.} 24. Qd1 Kg7) 24. Qc3 Re8 $2 (24... Qd8 25. Qd3 f5 26. Nxe6 Qe7) 25. e4 Bc8 26. e5 Nf5 27. g4 Ne7 28. Ne4 Nd5 (28... Rd8 $142 29. Nd6 Kf8) 29. Qd3 {Threatening mate with Nd6.} f5 30. exf6 {Intending Nd6 and mate.} Nxb4 31. Nd6 Nxd3 32. f7+ {[%mdl 64] [#] Double Attack} Kg7 33. fxe8=Q {Qf7+ would kill now.} Qxd4 34. Qe7+ {White mates.} Kh8 35. Qd8+ Kh7 36. Qc7+ {[%mdl 64] Double Attack} Kh8 37. Qxc8+ {[%mdl 64] Double Attack} Kh7 38. Qd7+ Kg8 39. Qxe6+ Kh8 40. Qe8+ Kh7 41. Qf7+ Kh8 {[#]} 42. Nf5 $1 {[%mdl 64] Double Attack} Qe5 43. Bb3 {[%csl Gb3][%cal Rf7g8]} Nf4 44. Qg8# {Accuracy: White = 89%, Black = 23%.} 1-0